Quizzes
Events
Quiz Creation
Community
Videos
Private Events
Remove Ads
Sign In
Join for FREE
Feedback
Dark Mode
Quiz Categories
Sports
Geography
Music
Movies
Television
Just For Fun
Miscellaneous
History
Literature
Language
Science
Gaming
Entertainment
Religion
Holiday
For Kids
Quiz Lab
Recent
Popular Today
Quiz Kudos Today
Editor Picks
Curator Picks
Quizzes by...
Day
Popularity
Type
Ratings
Length
Year
Community
Subscriptions
Recent Discussions
Orange Saloon
Badges
Playlists
Quests
Create
Leaderboards
Showdown
Live 5
Trivia Bingo
Activity
Puzzle Library
Sporcle Events
Private Events
Virtual Trivia
Globe League
Become a Host
Pub Owners
SporcleCon
Opinionation
Our Games
Videos
Blog
Mobile Apps
Partnerships
Remove Ads and Go Orange
Feedback
Music
Pop Music
The Beatles
Song
Album
Lyrics
Bands
Singers
Artist
Clip
Rock
Rap
Classical
Billboard
Country Music
Kpop
Taylor Swift
Music
Pop Music
The Beatles
Song
Album
Lyrics
Bands
Singers
Artist
Clip
Rock
Rap
Classical
Billboard
Country Music
Kpop
Taylor Swift
Random Quiz
Search Sporcle
×
Quiz Lab
Quiz Lab
Music
Song
Type in answers that appear in a list
Type in answers that appear in a list
Classic
Best Score? Go Orange.
RATM Songs Stats
Can you name the songs by Rage Against the Machine?
By
Tank
6m
45 Questions
1,125 Plays
1,125 Plays
1,125 Plays
Comments
Comments
Give Quiz Kudos
Give Quiz Kudos
-
- Ratings
hide this ad
Replay
Link that replays current quiz
Next Quiz
Link to next quiz in quiz playlist
You Got
0%
They Got
Avg Score
55%
Avg Friend Score
Upgrade to see
Score Distribution
Jump to the score distribution portion of the page
Score
0/45
Timer
06:00
0
Plays Today
Album
Song
% Correct
Rage Against the Machine
Killing In the Name
93.6%
Evil Empire
Bulls On Parade
91.3%
Rage Against the Machine
Bombtrack
89.9%
Rage Against the Machine
Freedom
79.8%
The Battle of Los Angeles
Testify
79.2%
Rage Against the Machine
Bullet In the Head
76.2%
Rage Against the Machine
Know Your Enemy
75.1%
Renegades
Renegades of Funk
75%
Evil Empire
People of the Sun
74.9%
Rage Against the Machine
Wake Up
74.5%
The Battle of Los Angeles
Sleep Now In the Fire
74.3%
Evil Empire
Vietnow
69.6%
Rage Against the Machine
Township Rebellion
66.4%
The Battle of Los Angeles
Guerrilla Radio
65%
Rage Against the Machine
Take the Power Back
64.2%
The Battle of Los Angeles
Calm Like a Bomb
62.6%
Evil Empire
Down Rodeo
62.5%
Rage Against the Machine
Fistful of Steel
58.7%
The Battle of Los Angeles
Maria
57.4%
Renegades
The Ghost of Tom Joad
56.4%
Renegades
Maggie's Farm
54.9%
The Battle of Los Angeles
Mic Check
53.9%
The Battle of Los Angeles
Born of a Broken Man
53.2%
Album
Song
% Correct
Evil Empire
Year of tha Boomerang
52.5%
Rage Against the Machine
Settle For Nothing
52.3%
Renegades
How I Could Just Kill a Man
52.1%
Evil Empire
Snakecharmer
52%
Evil Empire
Revolver
50.8%
Evil Empire
Tire Me
45.5%
Renegades
Pistol Grip Pump
44.4%
The Battle of Los Angeles
Ashes In the Fall
43.8%
Renegades
Kick Out the Jams
41.2%
Evil Empire
Roll Right
40.3%
The Battle of Los Angeles
Voice of the Voiceless
38.8%
The Battle of Los Angeles
War Within a Breath
38.7%
Evil Empire
Wind Below
37.6%
The Battle of Los Angeles
Born as Ghosts
37.6%
Renegades
Microphone Fiend
37.3%
Renegades
I'm Housin'
36.1%
Renegades
Street Fighting Man
34.3%
Evil Empire
Without a Face
33.5%
Renegades
Beautiful World
32.8%
The Battle of Los Angeles
New Millennium Homes
31.6%
Renegades
In My Eyes
24.9%
Renegades
Down On the Street
21.2%
Quiz Playlist
Details
Report
Send in Message
Add To Playlist
Classic:
Type in answers that appear in a list
Last Updated: Feb 16, 2017
Quiz Scoreboard
CHALLENGE
Sign Up to Join the Scoreboard
Show All
Scores
Hide
Comments
May contain spoilers
Recently Published
NBA Finals Game Top Scorers (2010s)
by flibbidy
Sports
5m
Guess the 'R' Things in 3 Words
by MSUKent
Miscellaneous
3m
Actor to Badly Drawn Movie III
by MoMosMoProblems
Movies
5m
More to Explore
Quiz From the Vault
Featured Blog Post
Where Does Lost Luggage Go?
hide this ad
You Might Also Like...
Tags
Album Quiz
Song Quiz
Against
length
machine
rage
Rage Against
ratm
Today's Top Quizzes in Music
Browse Music
hide this ad
Today's Top Quizzes in Song
Browse Song
Top Contributed Quizzes in Music
1
Taylor Swift All Songs (2024)
2
Image Sorting: Rock Albums II
3
Image Sorting: Rock Albums III
4
Image Sorting: Rock Albums IV
5
Image Sorting: Rock Albums V
6
Image Sorting: Rock Albums VI
7
Adjectives in 80s Songs
8
Taylor Swift Logic Puzzle
9
Image Sorting: Album Titles
10
Nickname Match: Musicians
Explore More
Trending Topics
Marvel
Disney
Crossword
Kpop
Anime
Harry Potter
NBA
Pokémon
WWE
Country
Puzzle
The Office
Soccer
Song
NFL
hide this ad
More By:
Tank
Quiz
Plays
Rating
Category
Featured
Created
The Quidditch Quiz
202,366
3.95
Literature
Nov 16, 2009
Invented Words: Carroll, Seuss, or Dahl
9,983
4.46
Literature
Dec 15, 2011
Songs on Rubber Soul
9,101
4.48
Music
Nov 15, 2009
'Time' Lyrics
2,510
4.94
Music
Dec 14, 2011
'Tom Sawyer' Lyrics
2,487
4.86
Music
Dec 3, 2011
Go to Creator's Profile
Score Distribution
Quiz Creator Spotlight
Tank
Follow
Send a Message
Quizzes Created
-
Created Quiz Play Count
-
More By This Creator
Popular Quizzes Today
1
Find the US States - No Outlines Minefield
2
Find the US States
3
The Countries of the World
4
10 Largest US States in Order
5
Find the Countries of Europe - No Outlines Minefield
6
US States
7
Guess the 'R' Things in 3 Words
8
NBA Finals Game Top Scorers (2010s)
More Music Quizzes
Artist by Billion-Viewed Music Video
Published
Trending Quizzes
First Name TV: Leading Men
Match the Book to the Film II
First Name TV: Leading Women Drama
3-Word Movies in 1 Word II
Match the Book to the Film VI
Recently Updated
Women's Final Four Teams by Year
bhenderson79
Presidents Quartet II
eogle
Anything But Clue(do)
eogle
Anything But Oceanian Capitals
eogle
Anything But 7
eogle
Anything But Thing
eogle
Word Ladder: February 29
pecheneg
Song Title Questions
pecheneg
Women's NCAA Tournament #1 Seeds
pecheneg
Celebrity Mug Shots
pecheneg
Trending Topics
Harry Potter
Kpop
Anime
Disney
NBA
Marvel
Crossword
Soccer
Song
The Office
Puzzle
NFL
Pokémon
Country
WWE
Your Account Isn't Verified!
In order to create a playlist on Sporcle, you need to verify the email address you used during registration. Go to your
Sporcle Settings
to finish the process.
Report this User
Report this user for behavior that violates our
Community Guidelines
.
Details:
Send Report
Go to the Sporcle.com Mobile Site →
Comments